| 000 | 00595cam7a220021700 4500 | ||
|---|---|---|---|
| 001 | zam00002640 | ||
| 008 | 951128s1982 xx eng u | ||
| 035 | _a(Sirsi) r88011 | ||
| 035 | _a(MACHINE)SLC. | ||
| 100 |
_aDye, T. R. _6A47572.1 |
||
| 245 | 1 | 0 | _aUnderstanding public policy. |
| 260 | _c1982. | ||
| 949 |
_aDYE1-UND _wlcc _mMAIN _tBOOK _lON-SHELF |
||
| 004 | 88011 | ||
| 591 | _aClass code: PA 410. | ||
| 591 | _aCourse: Development administration. | ||
| 591 | _aSchool: S05. | ||
| 591 | _aLecturer: Dr. MUSHOTA, R.T. | ||
| 591 | _aNumber of Students: 101. | ||
| 909 | _aReprint | ||
| 999 |
_c153602 _d153602 |
||